TV Comedies by Female Lead Quiz Stats

Quiz Updated May 16, 2016

Also try: TV Comedy by Scene
Challenge
Share
Tweet
Score 0/29 Timer 08:00
1 Play Today
% Correct
The Golden Girls
94.9%
Sex and the City
94.3%
30 Rock
91.3%
Desperate Housewives
89.3%
2 Broke Girls
89.2%
Ugly Betty
88.6%
Roseanne
87.7%
I Love Lucy
82.7%
Parks and Recreation
81.7%
New Girl
78.9%
Gilmore Girls
78.4%
Bewitched
77.2%
The Nanny
75%
Sabrina, the Teenage Witch
71.3%
Ally McBeal
69.2%
% Correct
The Mindy Project
68%
Sister, Sister
62.8%
Weeds
62.2%
Veep
61.9%
Nurse Jackie
60.9%
Laverne & Shirley
57.6%
The Mary Tyler Moore Show
55.3%
Murphy Brown
53.4%
Girls
51.5%
Rhoda
43.6%
Absolutely Fabulous
38%
Freaks and Geeks
35.7%
United States of Tara
32.4%
Keeping Up Appearances
19.5%

You're not logged in!

Compare scores with friends on all Sporcle quizzes.
Sign Up with Email
OR
Log In

You Might Also Like...

Show Comments

Extras

Top Quizzes Today


Score Distribution

Your Account Isn't Verified!

In order to create a playlist on Sporcle, you need to verify the email address you used during registration. Go to your Sporcle Settings to finish the process.